| 000 | 00561nam a22001937a 4500 | ||
|---|---|---|---|
| 999 |
_c6331 _d6331 |
||
| 001 | 15586 | ||
| 003 | BD-DhUAP | ||
| 005 | 20201229153348.0 | ||
| 008 | 201229s2010 ii ||||| |||| 000 0 eng d | ||
| 040 |
_aBD-DhUAP _bEng _cBD-DhUAP _dBD-DhUAP |
||
| 082 |
_223 _a342.549206 ISL |
||
| 100 | _aIslam, Md. Shahidul. | ||
| 245 |
_aAdministrative law in Bangladesh / _cMd. Shahidul Islam. |
||
| 250 | _a2nd ed. | ||
| 260 |
_aDhaka : _bShams publications, _cc2010. |
||
| 300 |
_a[26], 478 pages ; _c23 cm. |
||
| 650 |
_aAdministrative law _zBangladesh. |
||
| 942 |
_2ddc _cBK |
||